00737nam a22001817a 4500003000800000005001700008008004100025040002100066082001700087110002000104245017300124260004200297300001900339650002200358942001300380999001900393952014300412BD-DhUL20170419083102.0170416s1958 nyu||||| |||| 00| 0 eng  aBD-DhULcBD-DhUL a341.28 bUNT2 aUnited Nations 10aTreaty series : btreaties and international agreements registered or filed and recorded with the secretariat of the United nations : Vol. 292-1958 / cUnited Nations  aNew York : bUnited Nations ,c1958.  av. ; c28 cm.  0aInternational Law 2ddccREF c187340d187340 00102ddc406341_280000000000000_UNT718NFIC9323560aDULbDULcUNCd2017-04-19eGifto341.28 UNTpD876(d)r2017-04-19w2017-04-19yREF